| 000 | 01313nam0a22002771 4500 | ||
|---|---|---|---|
| 001 | v19\rc\1923671 | ||
| 005 | 20251118180656.9 | ||
| 035 | _a(NLR Aleph) 005009953 | ||
| 090 |
_a6476957 _c6476957 |
||
| 100 | _a20080404d1912 u y0rusy50 ca | ||
| 101 | 1 |
_arus _cfre |
|
| 102 | _aRU | ||
| 105 | _aa z ||||| | ||
| 200 | 1 |
_aПеревозка скоропортящихся пищевых продуктов _eМеры, служащие к развитию транспорта скоропортящихся продуктов: упаковка, холодил. вагоны, изотерм. вагоны и т. д. _eДокл., прочит. на Берн. ж.-д. конгр. _fИ.М. Кельп, вице-президент "Юж. ж.-д. о-ва в Америке" _gМоск. ком. по холодил. делу при Моск. о-ве сел. хоз-ва _gПер. с фр. Ю.Д. Головниной |
|
| 210 |
_aМосква _cтип. П.П. Рябушинского _d1912 |
||
| 215 |
_a[2], 91 с. _cил. _d28 |
||
| 700 | 1 |
_aКельп _bИ.М. |
|
| 702 | 1 |
_aГоловнина _bЮ.Д. _4730 |
|
| 801 | 0 |
_aRU _bNLR _gpsbo |
|
| 801 | 0 |
_aRU _bRuMoRGB _2psbo |
|
| 801 | 1 |
_aRU _bProSoft-M _2rusmarc |
|
| 852 |
_aNLR _j20.36.9.417 |
||
| 899 |
_aRuMoRGB _jB 19/472 |
||
| 899 | _aБАН | ||
| 942 | _cBOOK | ||
| 980 | _aNB | ||